|
|
|
|
| LEADER |
00932nom a2200289 u 4500 |
| 001 |
10069877 |
| 003 |
upatras |
| 005 |
20210117201556.0 |
| 008 |
090512s2007 eng |
| 020 |
|
|
|a 9780387337517
|
| 040 |
|
|
|a GR-PaULI
|c GR-PaULI
|
| 041 |
0 |
|
|a eng
|
| 100 |
1 |
|
|a Damjanov, Ivan
|9 31783
|
| 245 |
1 |
0 |
|a Cancer Grading Manual
|h [electronic resource]
|c edited by Ivan Damjanov, Fang Fan
|
| 260 |
|
|
|a New York, NY
|b Springer Science+Business Media, LLC
|c 2007
|
| 300 |
|
|
|b v.: digital
|
| 650 |
|
4 |
|a Pathology
|9 10272
|
| 650 |
|
4 |
|a Oncology
|9 64093
|
| 650 |
|
4 |
|a Medicine & Public Health
|9 65402
|
| 650 |
|
4 |
|a Pathology
|9 10272
|
| 650 |
|
4 |
|a Oncology
|9 64093
|
| 700 |
1 |
|
|a Fan, Fang
|9 65430
|
| 852 |
|
|
|a GR-PaULI
|b ΠΑΤΡΑ
|b ΒΚΠ
|
| 856 |
4 |
0 |
|u http://dx.doi.org/10.1007/978-0-387-33751-7
|
| 942 |
|
|
|2 ddc
|
| 952 |
|
|
|0 0
|1 0
|4 0
|7 0
|9 71322
|a LISP
|b LISP
|d 2016-04-24
|l 0
|r 2016-04-24 00:00:00
|w 2016-04-24
|y ERS
|
| 999 |
|
|
|c 46123
|d 46123
|